[Event "Chigorin Mem"]
[Site "St Petersburg RUS"]
[Date "2000.11.08"]
[Round "7"]
[White "Cistiakova,E"]
[Black "Dolzhikova,O"]
[Result "0-1"]
[WhiteElo "2098"]
[BlackElo "2223"]

1.Nf3 Nf6 2.c4 g6 3.Nc3 Bg7 4.e4 d6 5.d4 O-O 6.Be2 e5 7.O-O Nc6 8.d5 Ne7
9.Re1 Ne8 10.Rb1 f5 11.b4 Nf6 12.Bd3 f4 13.Qb3 h6 14.c5 g5 15.Nxe5 dxe5 16.d6+ Kh8
17.dxe7 Qxe7 18.Nd5 Qf7 19.f3 Be6 20.Qc2 Nxd5 21.exd5 Bxd5 22.a4 g4 23.Be4 gxf3
24.gxf3 Bf6 25.Bb2 Rg8+ 26.Kh1 Bb3 27.Qc3 c6 28.a5 Be6 29.Qc2 Rg5 30.Rg1 Rag8
31.Rxg5 Rxg5 32.Rg1 Qg8 33.Rxg5 hxg5 34.a6 Qf7 35.Bc3 Qd7 36.axb7 Qxb7 37.Qb2 Qc7
38.Kg1 g4 39.fxg4 Bxg4 40.Qg2 Qd7 41.h3 Bxh3 42.Qg6 Qg7 43.Qxg7+ Kxg7 44.Bxc6 Kf7
45.Be4 Ke6 46.Kf2 Bg4 47.Bd2 Bh4+ 48.Kg2 Be2 49.Bc3 Bd8 50.Kf2 Bg4 51.Kg2 Bc7
52.Kf2 Kf6 53.Kg2 Kg5 54.Bd2 Bd1 55.Bc3 Kg4 56.Kf2 Ba4 57.Kg2 Bd7 58.Bd2 Bf5
59.Bxf5+ Kxf5 60.Be1 Ke4 61.b5 Kd3 62.Bf2 e4 63.b6 axb6 64.cxb6 Bxb6 65.Bxb6 Ke2  0-1

[Event "34th Olympiad"]
[Site "Istanbul TUR"]
[Date "2000.11.09"]
[Round "12"]
[White "Schandorff,L"]
[Black "Blehm,P"]
[Result "1/2-1/2"]
[WhiteElo "2520"]
[BlackElo "2510"]

1.Nf3 Nf6 2.c4 g6 3.Nc3 Bg7 4.e4 d6 5.d4 O-O 6.Be2 e5 7.O-O Nc6 8.d5 Ne7
9.b4 Nh5 10.Re1 f5 11.Ng5 Nf6 12.Bf3 c6 13.Be3 Kh8 14.Qb3 h6 15.Ne6 Bxe6
16.dxe6 fxe4 17.Nxe4 Nxe4 18.Bxe4 Qc8 19.Rad1 Qxe6 20.b5 a6 21.bxc6 bxc6
22.Rd2 Rfb8 23.Qd3 d5 24.cxd5 cxd5 25.Bxd5 Nxd5 26.Qxd5 Qxd5 27.Rxd5 Rb2
28.Ra5 Rb5 29.Ra4 a5 30.g3 Rb4  1/2-1/2

[Event "34th Olympiad Women"]
[Site "Istanbul TUR"]
[Date "2000.11.09"]
[Round "12"]
[White "Varniene,R"]
[Black "Mendoza,B"]
[Result "1-0"]
[WhiteElo "2190"]
[BlackElo "2098"]

1.d4 Nf6 2.Nf3 g6 3.c4 Bg7 4.Nc3 d6 5.e4 O-O 6.Be2 e5 7.O-O Nc6 8.d5 Ne7
9.Ne1 Ne8 10.Nd3 f5 11.Bd2 Nf6 12.f3 f4 13.g4 fxg3 14.hxg3 Qd7 15.Nf2 a6
16.Kg2 Rf7 17.Rh1 Qe8 18.Qg1 Bd7 19.Rc1 Nc8 20.Nd3 c5 21.Nd1 b5 22.Ne3 Rb8
23.b4 Bf8 24.bxc5 dxc5 25.Nd1 bxc4 26.Nxe5 Qxe5 27.Bf4 Qe8 28.Bxb8 Nxe4 29.Bxc4 Ncd6
30.Bxd6 Bxd6 31.Qe3 Nxg3 32.Qxe8+ Bxe8 33.Re1 Bd7 34.Rb1 Nf5 35.Re4 g5 36.Rb6 Rf6
37.Be2 Nh4+ 38.Kh1 Rh6 39.Rxa6 Nf5+ 40.Kg2 Rh2+ 41.Kg1 Rh3 42.Ra8+ Bf8 43.Rd8 Nd6
44.Rxd7 Nxe4 45.fxe4 Ra3 46.d6 Ra4 47.Nc3 Rd4 48.Nd5 Bg7 49.Bh5 Be5 50.Ne7+ Kf8
51.Rd8+  1-0

[Event "Chigorin Mem"]
[Site "St Petersburg RUS"]
[Date "2000.11.09"]
[Round "8"]
[White "Korobov,A"]
[Black "Chuprov,D"]
[Result "1/2-1/2"]
[WhiteElo "2378"]
[BlackElo "2424"]

1.d4 d6 2.Nf3 Nf6 3.c4 g6 4.Nc3 Bg7 5.e4 O-O 6.Be2 e5 7.O-O Nc6 8.d5 Ne7
9.b4 Nh5 10.Re1 f5 11.Ng5 Nf6 12.Bf3 fxe4 13.Ncxe4 Nf5 14.Ne6 Bxe6 15.dxe6 Nd4
16.Bg5 Qe8 17.Bxf6 Bxf6 18.Bg4 Bg7 19.Qd3 Qe7 20.Rad1 Rad8 21.Qe3 a6 22.Qg5 Bf6
23.Nxf6+ Rxf6 24.f4 Nxe6 25.Bxe6+ Rxe6 26.Qxe7 Rxe7 27.Rxe5 Rde8 28.Rxe7 Rxe7
29.c5 dxc5 30.bxc5 Kf7 31.Rb1 c6 32.Kf2 Rd7 33.Kf3 Ke6 34.g4 a5 35.a4 Rd3+
36.Ke4 Ra3 37.Rxb7 Rxa4+ 38.Kf3 Kd5 39.Rxh7 Ra3+ 40.Kg2 a4 41.f5 gxf5 42.gxf5 Kxc5
43.f6 Rd3 44.Ra7 Kb5 45.Rb7+ Ka6 46.Rb8 Rd7 47.Rf8 Ra7 48.f7 a3 49.Rc8 Rxf7
50.Rxc6+ Kb5 51.Rc1 Rf4 52.Kg3 Rc4 53.Rh1 Ka4 54.h4 a2 55.h5 Kb3 56.h6 Kb2
57.Rh2+ Kb3 58.Rh1 Rc6 59.h7 Rc8 60.Rf1  1/2-1/2

[Event "FSIM November"]
[Site "Budapest HUN"]
[Date "2000.11.10"]
[Round "7"]
[White "Bordas,G"]
[Black "Rajlich,V"]
[Result "0-1"]
[WhiteElo "2186"]
[BlackElo "2209"]

1.c4 Nf6 2.Nc3 g6 3.e4 d6 4.d4 Bg7 5.Be2 O-O 6.Nf3 e5 7.O-O Nc6 8.d5 Ne7
9.Ne1 Nd7 10.f3 f5 11.g4 Kh8 12.Bd2 Ng8 13.Qc1 f4 14.b4 a5 15.a3 h5 16.h3 Nh6
17.Rf2 Bf6 18.Rg2 Bh4 19.Nd3 Nf7 20.Be1 Ng5 21.Kh1 Bxe1 22.Qxe1 axb4 23.axb4 Rxa1
24.Qxa1 hxg4 25.hxg4 Kg7 26.Rh2 Rh8 27.Qg1 Nb6 28.Nb2 Nh3 29.Qg2 Qh4 30.Bf1 Qe1
31.Nbd1 Ng5 32.Rxh8 Kxh8 33.Kh2 Na4 34.Nxa4 Qxd1 35.Nc3 Qxf3 36.Qxf3 Nxf3+
37.Kh3 Kg7 38.Nb5 Ng5+ 39.Kh4 Kh6 40.Nxc7 Nxe4 41.Bg2 g5+ 42.Kh3 Nf2+ 43.Kh2 Nxg4+
44.Kg1 Ne3 45.c5 dxc5 46.bxc5 Nxg2 47.Kxg2 Bf5 48.d6 Kg6 49.Nd5 Kf7 50.Nb6 Be4+
51.Kf2  0-1

[Event "34th Olympiad"]
[Site "Istanbul TUR"]
[Date "2000.11.10"]
[Round "13"]
[White "Portisch,L"]
[Black "Nijboer,F"]
[Result "1/2-1/2"]
[WhiteElo "2573"]
[BlackElo "2537"]

1.d4 Nf6 2.c4 g6 3.Nc3 Bg7 4.e4 d6 5.Nf3 O-O 6.Be2 e5 7.O-O Nc6 8.d5 Ne7
9.Nd2 a5 10.a3 Bd7 11.b3 c6 12.Ra2 Ne8 13.Ndb1 cxd5 14.cxd5 f5 15.a4 Rc8
16.Bd2 Nf6 17.Na3 fxe4 18.Nc4 Nf5 19.Re1 Bh6 20.Bxh6 Nxh6 21.Bf1 Bf5 22.h3 Nf7
23.Re3 Rc5 24.Rd2 Kg7 25.Be2 h5 26.Qe1 h4 27.Qd1 Rh8 28.Rb2 Nh6 29.b4 axb4
30.Rxb4 Bc8 31.Nxe4 Rxd5 32.Rd3 Rxd3 33.Qxd3 Nxe4 34.Qxe4 Nf7 35.Nb6 Qf6
36.Rc4 Be6 37.Rc7 Rd8 38.Qxb7 d5 39.Qc6 d4 40.Bd3 Bf5 41.Qxf6+ Kxf6 42.Bc4 Nd6
43.Bb3 Be6 44.Bd1 Ne4 45.Rc6 Rd6 46.Rxd6 Nxd6 47.Bg4 Bxg4 48.hxg4 Kg5 49.Nd7 e4
50.Ne5 Nb7 51.Kf1 Na5 52.Ke2 Kf6 53.Nd7+ Ke6 54.Nf8+ Kf6  1/2-1/2

[Event "Chigorin Mem"]
[Site "St Petersburg RUS"]
[Date "2000.11.10"]
[Round "9"]
[White "Kirusha,A"]
[Black "Yezersky,V"]
[Result "1-0"]
[WhiteElo "2338"]
[BlackElo "2266"]

1.d4 Nf6 2.c4 g6 3.Nc3 Bg7 4.e4 d6 5.Nf3 O-O 6.Be2 e5 7.O-O Nc6 8.d5 Ne7
9.b4 a5 10.bxa5 Nd7 11.Nd2 Bh6 12.Nb3 Bxc1 13.Rxc1 f5 14.Qd2 Kg7 15.exf5 Nxf5
16.Ne4 Nf6 17.Nxf6 Qxf6 18.c5 Rf7 19.Rc4 Bd7 20.Rb4 Ra7 21.a6 bxa6 22.c6 Be8
23.Rb8 Re7 24.f3 Bf7 25.Bd3 Re8 26.Rb7 Rxb7 27.cxb7 Rb8 28.Bxf5 Qxf5 29.Na5 Qf4
30.Qxf4 exf4 31.Re1 Bxd5 32.Re7+  1-0

[Event "ch-POL Semi-Finals"]
[Site "Polanczyk POL"]
[Date "2000.11.11"]
[Round "8"]
[White "Spicak,K"]
[Black "Kukula,P"]
[Result "1/2-1/2"]
[WhiteElo "2124"]
[BlackElo "2248"]

1.d4 Nf6 2.c4 g6 3.Nc3 Bg7 4.e4 d6 5.Be2 O-O 6.Nf3 e5 7.O-O Nc6 8.d5 Ne7
9.Ne1 Ne8 10.g4 c6 11.Be3 f5 12.f3 cxd5 13.cxd5 Nf6 14.Nd3 Rf7 15.h3 f4 16.Bf2 h5
17.Kg2 hxg4 18.hxg4 g5 19.Rh1 Ng6 20.b4 Bd7 21.Rc1 Nh4+ 22.Bxh4 gxh4 23.Qe1 Qb6
24.Qxh4 Qe3 25.g5 Ng4 26.Nf2 Rc8 27.Nxg4 Bxg4 28.Qxg4 Rxc3 29.Rxc3 Qxc3 30.Bb5 Qc2+
31.Kh3 Bf8 32.Be8 Rh7+ 33.Bh5 Qf2 34.Qe6+ Kh8 35.Qf6+ Kg8 36.Qe6+ Kh8  1/2-1/2

[Event "34th Olympiad"]
[Site "Istanbul TUR"]
[Date "2000.11.12"]
[Round "14"]
[White "Bermudez,S"]
[Black "Santa,L"]
[Result "0-1"]
[WhiteElo "2185"]
[BlackElo "2201"]

1.d4 Nf6 2.c4 g6 3.Nc3 Bg7 4.e4 d6 5.Nf3 O-O 6.Be2 e5 7.O-O Nc6 8.d5 Ne7
9.b4 Nh5 10.Re1 Bg4 11.Be3 h6 12.Rc1 a5 13.bxa5 Rxa5 14.Qd2 Kh7 15.Ng5+ hxg5
16.Bxg4 Nf4 17.g3 f5 18.gxf4 gxf4 19.exf5 Nxf5 20.Bxf4 exf4 21.Re4 Qg5 22.h3 Ra3
23.Kh2 Ng3 24.Ree1 Be5 25.f3 Rfa8 26.c5 Bxc3 27.Rxc3 Rxc3 28.Qxc3 Rxa2+ 29.Kg1 Ne2+
30.Rxe2 Rxe2 31.cxd6 Qh4  0-1

[Event "ch-POL Semi-Finals"]
[Site "Polanczyk POL"]
[Date "2000.11.12"]
[Round "9"]
[White "Kosiorek,M"]
[Black "Czarnota,P"]
[Result "1-0"]
[WhiteElo "2378"]
[BlackElo "2189"]

1.d4 Nf6 2.c4 g6 3.Nc3 Bg7 4.e4 d6 5.Nf3 O-O 6.Be2 e5 7.O-O Nc6 8.d5 Ne7
9.Nd2 a5 10.a3 Nd7 11.Rb1 f5 12.b4 Kh8 13.Qc2 Nf6 14.f3 c6 15.Kh1 f4 16.Rd1 axb4
17.axb4 cxd5 18.cxd5 Bd7 19.Nc4 Ne8 20.b5 Nc8 21.Na4 Rb8 22.Bd2 b6 23.Rdc1 Qh4
24.Be1 Qh5 25.Bf2 g5 26.Naxb6 Nxb6 27.Nxb6 Rxb6 28.Bxb6 Nf6 29.Bg1 Qh4 30.Bd1 g4
31.fxg4 Nxg4 32.b6 Ne3 33.Bxe3 fxe3 34.Bf3 Bh6 35.b7  1-0

[Event "Tch-AUT 2000-01"]
[Site "Gleisdorf AUT"]
[Date "2000.11.17"]
[Round "3"]
[White "Lipinsky,F"]
[Black "Kotz,H"]
[Result "1-0"]
[WhiteElo "2374"]
[BlackElo "2332"]

1.d4 Nf6 2.Nf3 g6 3.c4 Bg7 4.Nc3 O-O 5.e4 d6 6.Be2 e5 7.O-O Nc6 8.d5 Ne7
9.Ne1 Nd7 10.Be3 f5 11.f3 Kh8 12.Nd3 Nf6 13.c5 Neg8 14.g4 Rf7 15.a4 Bf8 16.a5 h5
17.exf5 gxf5 18.gxf5 Nh6 19.Kh1 Nxf5 20.Bg5 Qd7 21.Rg1 Nh7 22.f4 Nxg5 23.Rxg5 Rg7
24.Rxh5+ Rh7 25.Ne4 Rxh5 26.Bxh5 Bg7 27.Bg6 Nh6 28.f5 Nxf5 29.Qh5+ Nh6 30.cxd6 cxd6
31.Ng5 Kg8 32.Rg1 Qe7 33.Be4 Bd7 34.Qg6 Qf6 35.Qxf6 Bxf6 36.Nh7+ Bg7 37.Nf6+ Kf7
38.Nxd7 Rd8 39.N7c5 dxc5 40.Nxc5 Bf6 41.Nxb7  1-0

[Event "72nd ch-GER"]
[Site "Seebad Heringsdorf GER"]
[Date "2000.11.18"]
[Round "2"]
[White "Siebrecht,S"]
[Black "Barmbold,J"]
[Result "1/2-1/2"]
[WhiteElo "2376"]
[BlackElo "2270"]

1.d4 Nf6 2.Nf3 g6 3.c4 Bg7 4.Nc3 O-O 5.e4 d6 6.Be2 e5 7.O-O Nc6 8.d5 Ne7
9.b4 Nh5 10.Re1 f5 11.Ng5 Nf6 12.Bf3 fxe4 13.Ngxe4 Nf5 14.Nxf6+ Bxf6 15.Bg4 a5
16.Ba3 axb4 17.Bxb4 b6 18.Ne4 Bg5 19.a4 Bh6 20.a5 bxa5 21.Rxa5 Rxa5 22.Bxa5 Nd4
23.Bxc8 Qxc8 24.Bc3 Nf5 25.c5 Qa6 26.Qb3 Qd3 27.Qb7 Ne3 28.Bd2 Qxe4 29.Bxe3 Bxe3
30.fxe3 Qc2 31.Rf1 Rxf1+ 32.Kxf1 Qxc5 33.Qc8+ Kg7 34.Qd7+ Kh6 35.Qh3+ Kg7
36.Qd7+ Kh6 37.Qh3+ Kg5 38.Qg3+ Kf6 39.Qh4+ Kg7 40.Qe7+ Kh6  1/2-1/2

[Event "Tch-AUT 2000-01"]
[Site "Gleisdorf AUT"]
[Date "2000.11.19"]
[Round "5"]
[White "Beckhuis,G"]
[Black "Kotz,H"]
[Result "0-1"]
[WhiteElo "2320"]
[BlackElo "2332"]

1.Nf3 Nf6 2.c4 g6 3.Nc3 Bg7 4.e4 d6 5.d4 O-O 6.Be2 e5 7.O-O Nc6 8.d5 Ne7
9.Ne1 Nd7 10.Be3 f5 11.f3 Kh8 12.Kh1 Ng8 13.Qd2 f4 14.Bg1 Ndf6 15.Nd3 Nh5
16.Qe1 Ngf6 17.c5 g5 18.cxd6 cxd6 19.Nf2 Rf7 20.a4 Bf8 21.a5 Rg7 22.Ra3 Qe8
23.Ncd1 Qg6 24.Rc3 Qh6 25.Ng4 Bxg4 26.fxg4 Ng3+ 27.Rxg3 fxg3 28.Ne3 Nxe4
29.h3 Qg6 30.Nf5 Nf2+ 31.Bxf2 gxf2 32.Qxf2 Rc7 33.Bd3 Qf6 34.Qe3 Rf7 35.Ng3 Qe7
36.Bf5 Qd8 37.Ne4 h6 38.b4 b6 39.a6 Rc8 40.Rd1 Rc4 41.b5 Rd4 42.Rc1 Rc7 43.Rxc7 Qxc7
44.Kh2 Rd1 45.Nc3 Ra1 46.Be6 Qc4 47.Ne2 Bg7 48.Qf3 e4 49.Qf7 Be5+ 50.Ng3 Bxg3+
51.Kxg3 Qc3+ 52.Kh2 Qe5+  0-1

[Event "72nd ch-GER"]
[Site "Seebad Heringsdorf GER"]
[Date "2000.11.19"]
[Round "3"]
[White "Alber,H"]
[Black "Valet,R"]
[Result "1-0"]
[WhiteElo "2340"]
[BlackElo "2148"]

1.d4 Nf6 2.c4 g6 3.Nc3 Bg7 4.e4 d6 5.Nf3 O-O 6.Be2 e5 7.O-O Nc6 8.d5 Ne7
9.b4 Nh5 10.c5 f5 11.g3 Nf6 12.Ba3 fxe4 13.Ng5 Nf5 14.b5 Nd4 15.cxd6 cxd6
16.Ncxe4 Ne8 17.Bb2 Nxe2+ 18.Qxe2 Bf5 19.Ne6 Bxe6 20.dxe6 Qe7 21.Qc4 Rd8
22.Ba3 Rf3 23.Bb4 Bf8 24.Rad1 Kg7 25.Kg2 Rf5 26.Rd3 Qc7 27.Qxc7+ Nxc7 28.Bxd6 Nxe6
29.Rfd1 Nd4 30.Bxe5+ Rxe5 31.Rxd4 Rxd4 32.Rxd4 Rxb5 33.Rd7+ Kh6 34.h4 Re5
35.Nf6  1-0

[Event "72nd ch-GER"]
[Site "Seebad Heringsdorf GER"]
[Date "2000.11.19"]
[Round "3"]
[White "Bunzmann,D"]
[Black "Voekler,B"]
[Result "1-0"]
[WhiteElo "2484"]
[BlackElo "2345"]

1.d4 Nf6 2.Nf3 g6 3.c4 Bg7 4.Nc3 d6 5.e4 O-O 6.Be2 e5 7.O-O Nc6 8.d5 Ne7
9.b4 Nh5 10.Re1 a5 11.bxa5 f5 12.Ng5 Nf4 13.Bxf4 exf4 14.Rc1 Rxa5 15.Qd2 c6
16.Bf3 Be5 17.Ne2 h6 18.Ne6 Bxe6 19.dxe6 Qa8 20.Rc2 fxe4 21.Bxe4 Qa7 22.Nc1 Rf6
23.Nb3 Ra4 24.Bf3 Rxe6 25.c5 d5 26.Qd3 h5 27.Rce2 Qb8 28.Nc1 Rb4 29.a3 Rc4
30.Qb1 Rxc1 31.Rxc1 Nf5 32.Rce1 Kg7 33.Bxh5 f3 34.Bxf3 Bxh2+ 35.Kf1 Be5 36.Bg4 Qh8
37.Bh3 Kf6 38.Qxb7 Nd4 39.Rxe5 Rxe5 40.Rxe5 Kxe5 41.Qe7+  1-0

[Event "Scaccomatto"]
[Site "Torino ITA"]
[Date "2000.11.19"]
[Round "2"]
[White "Ulibin,M"]
[Black "Paragua,M"]
[Result "1/2-1/2"]
[WhiteElo "2583"]
[BlackElo "2423"]

1.d4 Nf6 2.c4 g6 3.Nc3 Bg7 4.e4 d6 5.Be2 O-O 6.Nf3 e5 7.O-O Nc6 8.d5 Ne7
9.Nd2 a5 10.a3 Nd7 11.Rb1 f5 12.b4 Kh8 13.Qc2 axb4 14.axb4 Nf6 15.Bb2 g5
16.exf5 Nxf5 17.Nce4 Nxe4 18.Nxe4 Nd4 19.Bxd4 exd4 20.Bd3 Be5 21.Ra1 Rxa1
22.Rxa1 Bd7 23.b5 b6 24.Ra7 h6 25.Qe2 Bf5 26.Ng3 Bxd3 27.Qxd3 Qf6 28.Ne4 Qe7
29.h3 Re8 30.Nd2 Bg7 31.Nf3 Qe2 32.Ra3 Qb2 33.g3 Qc1+ 34.Kg2 Qb2 35.Rb3 Qa1
36.Rb1 Qc3 37.Rd1 Qxd3 38.Rxd3 Re4 39.Kf1 Bf6 40.Ne1 Kg7 41.Nc2 g4 42.hxg4 Rxg4
43.Kg2 Kf7 44.f4 h5 45.Kf3 Kg6 46.Ra3 Kf5 47.Ra8 Rg7 48.Rf8 Kg6 49.Ke4 Re7+
50.Kd3 Bg7 51.Rg8 Kh7 52.Rc8 Rf7 53.Nxd4 Bxd4 54.Kxd4 h4 55.gxh4 Rxf4+ 56.Kd3 Rf7
57.Ra8 Kg6 58.Ra7 Kf5 59.h5 Ke5 60.h6 Rh7 61.Ke3 Rxh6 62.Rxc7 Rh3+ 63.Kd2 Kd4
64.Rc6 Rd3+ 65.Ke2 Rb3 66.Rxb6 Kxc4 67.Rxd6 Rxb5  1/2-1/2

[Event "VI Open"]
[Site "Lisbon POR"]
[Date "2000.11.20"]
[Round "3"]
[White "Pogorelov,R"]
[Black "Doell,D"]
[Result "1-0"]
[WhiteElo "2445"]
[BlackElo "2081"]

1.Nf3 Nf6 2.c4 g6 3.Nc3 Bg7 4.e4 d6 5.d4 O-O 6.Be2 e5 7.O-O Nc6 8.d5 Ne7
9.Ne1 Nd7 10.Be3 f5 11.f3 f4 12.Bf2 g5 13.a4 Nf6 14.c5 h5 15.a5 Bd7 16.Qb3 g4
17.c6 g3 18.hxg3 fxg3 19.Bxg3 Be8 20.cxb7 Rb8 21.a6  1-0

[Event "72nd ch-GER"]
[Site "Seebad Heringsdorf GER"]
[Date "2000.11.22"]
[Round "6"]
[White "Stern,R"]
[Black "Enders,P"]
[Result "0-1"]
[WhiteElo "2493"]
[BlackElo "2468"]

1.Nf3 Nf6 2.c4 g6 3.Nc3 Bg7 4.e4 d6 5.d4 O-O 6.Be2 e5 7.O-O Nc6 8.d5 Ne7
9.b4 Nh5 10.Re1 Nf4 11.Bf1 h6 12.Nd2 c6 13.a4 a5 14.bxa5 Qxa5 15.Bb2 c5 16.Nb5 Qd8
17.Ra3 Ra6 18.g3 Nh5 19.Bg2 Bd7 20.Rf1 Qb8 21.f4 exf4 22.Bxg7 Nxg7 23.Rxf4 g5
24.Rf6 Ng6 25.Qf1 Ne8 26.Rf2 Qa8 27.Qd1 Qd8 28.Nf1 Ne5 29.Ne3 Ng7 30.Qf1 Qe7
31.Bh3 g4 32.Bg2 Qg5 33.Rf4 Rfa8 34.Qa1 Nh5 35.Rf2 Bxb5 36.cxb5 Rxa4 37.Rxa4 Rxa4
38.Qxa4 Qxe3 39.Qa8+ Kg7 40.Qxb7 Nf4 41.Qa7 Nh3+  0-1

[Event "Tenkes Kupa"]
[Site "Harkany HUN"]
[Date "2000.11.24"]
[Round "9"]
[White "Farago,I"]
[Black "Meszaros,T"]
[Result "1/2-1/2"]
[WhiteElo "2486"]
[BlackElo "2216"]

1.d4 Nf6 2.c4 g6 3.Nc3 Bg7 4.e4 d6 5.Be2 O-O 6.Nf3 e5 7.O-O Nc6 8.d5 Ne7
9.b4 Ne8 10.c5 f5 11.Ng5 Nf6 12.f3 h6 13.Ne6 Bxe6 14.dxe6 d5 15.exd5 Nfxd5
16.Nxd5 Nxd5 17.Bc4 c6 18.Bb2 Re8 19.Qb3 b5 20.Bxb5 Qc8 21.Bc4 Qxe6 22.Rad1 Red8
23.Rd2 Rab8 24.Rfd1 Kh7 25.a3 a5 26.Bxd5 cxd5 27.Rxd5 axb4 28.axb4 Rxb4 29.Qxb4  1/2-1/2

[Event "It Jose Rubinstein"]
[Site "Vicente Lopez ARG"]
[Date "2000.11.24"]
[Round "9"]
[White "Lafuente,P"]
[Black "Lopez,Ca2"]
[Result "1-0"]
[WhiteElo "2291"]
[BlackElo "2037"]

1.d4 Nf6 2.Nf3 g6 3.c4 Bg7 4.Nc3 O-O 5.e4 d6 6.Be2 e5 7.O-O Nc6 8.d5 Ne7
9.Kh1 c5 10.Ne1 Ne8 11.Nd3 b6 12.g4 Kh8 13.g5 f6 14.gxf6 Nxf6 15.f4 Bh3 16.fxe5 Bxf1
17.exf6 Bxe2 18.fxg7+ Kxg7 19.Qxe2 Qd7 20.Nf4 Rf7 21.Ne6+ Kg8 22.Qg2 a6 23.a4 Re8
24.b3 Nc8 25.Bb2 Na7 26.Ne2 Qe7 27.Ng3 Qh4 28.Nf5 Rxf5 29.exf5 Qh6 30.Rg1 Kf7
31.fxg6+ hxg6 32.Rf1+ Ke7 33.Bf6+ Kd7 34.Bg5 Qh5 35.Ng7  1-0

[Event "Scaccomatto"]
[Site "Torino ITA"]
[Date "2000.11.26"]
[Round "9"]
[White "Epishin,V"]
[Black "Paragua,M"]
[Result "1/2-1/2"]
[WhiteElo "2567"]
[BlackElo "2423"]

1.d4 Nf6 2.c4 g6 3.Nc3 Bg7 4.e4 d6 5.Nf3 O-O 6.Be2 e5 7.O-O Nc6 8.d5 Ne7
9.b4 Nh5 10.Qc2 h6 11.Re1 Nf4 12.Bf1 a5 13.bxa5 Rxa5 14.a4 f5 15.Bxf4 exf4
16.e5 g5 17.Rad1 g4 18.exd6 cxd6 19.Nd4 Ng6 20.Ncb5 g3 21.Ne6 Bxe6 22.dxe6 gxf2+
23.Qxf2 Qg5 24.e7 Nxe7 25.h4 Qg4 26.Rxd6 Nc6 27.Ree6 Ne5 28.Rd5 Nc6 29.Be2 Qg3
30.Bd1 Raa8 31.Qxg3 fxg3 32.Kf1 f4 33.c5 Rae8 34.Rxe8 Rxe8 35.Rd7 Ne5 36.Rxb7 Nd3
37.Be2 f3 38.Bxd3 Re1+ 39.Kxe1 fxg2 40.Bc4+ Kh7 41.Bd3+ Kg8 42.Bc4+ Kh7 43.Bd3+ Kg8
44.Bc4+  1/2-1/2

[Event "Mitropa Team Cup"]
[Site "Charleville FRA"]
[Date "2000.11.28"]
[Round "4"]
[White "Likavsky,T"]
[Black "Belotti,B"]
[Result "1-0"]
[WhiteElo "2409"]
[BlackElo "2417"]

1.d4 Nf6 2.Nf3 g6 3.c4 Bg7 4.Nc3 O-O 5.e4 d6 6.Be2 e5 7.O-O Nc6 8.d5 Ne7
9.Ne1 Nd7 10.Be3 f5 11.f3 Kh8 12.b4 Nf6 13.c5 Neg8 14.a4 Bh6 15.Bxh6 Nxh6
16.Qd2 f4 17.a5 g5 18.h3 Nf7 19.Nd3 h5 20.b5 g4 21.hxg4 hxg4 22.Kf2 Nxe4+
23.Nxe4 Qh4+ 24.g3 fxg3+ 25.Nxg3 Qh2+ 26.Ke3 Nh6 27.Qe1 Qh4 28.Kd2 gxf3 29.Rxf3 Bd7
30.Qf2 Rxf3 31.Qxf3 Bxb5 32.Ne4 Bxd3 33.Bxd3 Qf4+ 34.Qxf4 exf4 35.cxd6 cxd6
36.Rh1 Kg7 37.Nxd6 b6 38.axb6  1-0

[Event "Mitropa Team Cup"]
[Site "Charleville FRA"]
[Date "2000.12.01"]
[Round "7"]
[White "Doettling,F"]
[Black "Likavsky,T"]
[Result "1-0"]
[WhiteElo "2473"]
[BlackElo "2409"]

1.d4 Nf6 2.Nf3 g6 3.c4 Bg7 4.Nc3 d6 5.e4 O-O 6.Be2 e5 7.O-O Nc6 8.d5 Ne7
9.Ne1 Nd7 10.Nd3 f5 11.exf5 Nxf5 12.f3 Nd4 13.Nf2 Nxe2+ 14.Qxe2 g5 15.Be3 h6
16.Nfe4 Nf6 17.c5 a6 18.Qc4 Rf7 19.Rac1 Bf8 20.b4 Nh5 21.a4 Nf4 22.b5 axb5
23.axb5 dxc5 24.Bxc5 Bg7 25.Be3 Kh8 26.Rc2 Bf5 27.Rd2 Qc8 28.Qb3 Rf8 29.Qb4 g4
30.fxg4 Bxg4 31.Rdf2 Qe8 32.Kh1 Qh5 33.Qc4 Rac8 34.Bxf4 exf4 35.Rxf4 Rxf4
36.Rxf4 Bd7 37.Nf6 Qf7 38.Nce4 Ra8 39.Rf1 Bc8 40.h3 Rb8 41.Qc2 Bf8 42.Rf3 Ra8
43.Nd7 Ra1+ 44.Kh2 Qxf3 45.gxf3 Bxd7 46.Qxc7 Bxb5 47.Qc3+ Bg7 48.Qc8+ Kh7
49.Qf5+ Kg8 50.Nf6+ Bxf6 51.Qxf6 Ra2+ 52.Kg3 Be8 53.Qe7 Bb5 54.Qxb7  1-0

[Event "9th It"]
[Site "Sonnevanck NED"]
[Date "2000.12.05"]
[Round "7"]
[White "Peek,Mar"]
[Black "Solleveld,Maa"]
[Result "1/2-1/2"]
[WhiteElo "2299"]
[BlackElo "2426"]

1.d4 Nf6 2.c4 g6 3.Nc3 Bg7 4.e4 d6 5.Nf3 O-O 6.Be2 e5 7.O-O Nc6 8.d5 Ne7
9.b4 a5 10.Ba3 axb4 11.Bxb4 b6 12.a4 Ne8 13.Nb5 f5 14.Nd2 c6 15.dxc6 Nxc6
16.Qb3 Nxb4 17.Qxb4 Bb7 18.Bf3 Bh6 19.Rfe1 Bxd2 20.Qxd2 Kh8 21.Ra3 Qe7 22.h3 Rc8  1/2-1/2

[Event "FSIMB December"]
[Site "Budapest HUN"]
[Date "2000.12.09"]
[Round "7"]
[White "Khechumyan,G"]
[Black "Kahn,E"]
[Result "0-1"]
[WhiteElo "2255"]
[BlackElo "2346"]

1.d4 Nf6 2.Nf3 g6 3.c4 Bg7 4.Nc3 O-O 5.e4 d6 6.Be2 e5 7.O-O Nc6 8.d5 Ne7
9.Ne1 Nd7 10.Be3 f5 11.f3 f4 12.Bf2 g5 13.c5 Nf6 14.Rc1 Ng6 15.cxd6 cxd6
16.Nb5 g4 17.Kh1 g3 18.Bg1 Nh5 19.Nc7 gxh2 20.Bf2 Rb8 21.Nd3 Bf6 22.Ne6 Bxe6
23.dxe6 Bh4 24.Re1 Bg3 25.Bxg3 Nxg3+ 26.Kxh2 Qh4+ 27.Kg1 Qh1+ 28.Kf2 Qh2
29.Bf1 Nh4 30.Re2 Kh8 31.Ne1 Nh1+  0-1

[Event "Open"]
[Site "Zadar CRO"]
[Date "2000.12.09"]
[Round "1"]
[White "Savchenko,S"]
[Black "Zezelj,V"]
[Result "1-0"]
[WhiteElo "2579"]
[BlackElo "2149"]

1.d4 Nf6 2.c4 g6 3.Nc3 Bg7 4.e4 d6 5.Nf3 O-O 6.Be2 Nc6 7.O-O e5 8.d5 Ne7
9.b4 Nd7 10.c5 f5 11.cxd6 cxd6 12.Nd2 Nf6 13.a4 Kh8 14.a5 Bd7 15.f3 f4 16.Nc4 Nc8
17.b5 Rf7 18.a6 b6 19.Nb2 g5 20.g4 h5 21.h3 Bf8 22.Nd3 Ne7 23.Bd2 Rh7 24.Nb4 Qe8
25.Kg2 Qg6 26.Rh1 Neg8 27.Nc6 Nh6 28.Be1 Bc8 29.Bf2 Nd7 30.Na4 Nc5 31.Nxc5 bxc5
32.Qb3 Qf7 33.b6 axb6 34.Qxb6 Ng8 35.Rhb1 Nf6 36.Nd8 Qe7 37.Qc6 Qa7 38.Rb7 Rxb7
39.axb7 Bxb7 40.Rxa7 Bxc6 41.Nxc6 Rxa7 42.Nxa7 hxg4 43.hxg4 Kg8 44.Bb5 Kf7
45.Kf1  1-0

[Event "TCh-YUG Women"]
[Site "Kragujevac YUG"]
[Date "2000.12.14"]
[Round "4"]
[White "Vasilevich,T"]
[Black "Gaponenko,I"]
[Result "1/2-1/2"]
[WhiteElo "2429"]
[BlackElo "2375"]

1.d4 Nf6 2.c4 g6 3.Nc3 Bg7 4.e4 d6 5.Nf3 O-O 6.Be2 e5 7.O-O Nc6 8.d5 Ne7
9.b4 Nh5 10.Re1 f5 11.Ng5 Nf6 12.Bf3 fxe4 13.Ngxe4 Nf5 14.Be3 a5 15.a3 Kh8
16.Nxf6 Bxf6 17.Ne4 Bg7 18.Qd3 Nxe3 19.Qxe3 Bf5 20.g3 b6 21.c5 axb4 22.cxb6 Rxa3
23.Rxa3 bxa3 24.bxc7 Qxc7 25.Qxa3 Bxe4 26.Bxe4 Bh6 27.Rb1  1/2-1/2

[Event "Salona"]
[Site "Solin/Split CRO"]
[Date "2000.12.14"]
[Round "6"]
[White "Kozul,Z"]
[Black "Fressinet,L"]
[Result "0-1"]
[WhiteElo "2611"]
[BlackElo "2536"]

1.Nf3 Nf6 2.c4 g6 3.Nc3 Bg7 4.d4 O-O 5.e4 d6 6.Be2 e5 7.O-O Nc6 8.d5 Ne7
9.Kh1 Kh8 10.Ne1 Nd7 11.Nd3 f5 12.exf5 Nxf5 13.Ne4 Nf6 14.Bg5 Qe8 15.Bxf6 Bxf6
16.Bg4 Be7 17.Qd2 Ng3+ 18.hxg3 Bxg4 19.f3 Bf5 20.Ndf2 Qf7 21.g4 Bd7 22.Kh2 c6
23.dxc6 Bxc6 24.Qc3 Rac8 25.b3 b5 26.Rad1 Qe6 27.Rfe1 bxc4 28.bxc4 Bb5 29.Qd2 Bxc4
30.Nxd6 Rcd8 31.Nfe4 Bxa2 32.Qh6 Rxd6 33.Nxd6 Bxd6 34.Kh1 a5 35.Rd2 Bb3 36.Rc1 Qe7
37.Rc6 Bb4 38.Re2 Kg8 39.Rb6 a4 40.Rb5 Bd6 41.Ra5 a3 42.Qe3 Bf7 43.g5 a2
44.f4 Qc7  0-1

[Event "TCh-SVK"]
[Site "SVK"]
[Date "2000.12.16"]
[Round "5"]
[White "Rachela,M"]
[Black "Komora,A"]
[Result "0-1"]
[WhiteElo "2265"]
[BlackElo "2307"]

1.d4 Nf6 2.c4 g6 3.Nc3 Bg7 4.e4 d6 5.Nf3 O-O 6.Be2 e5 7.O-O Nc6 8.d5 Ne7
9.b4 a5 10.Ba3 Nd7 11.bxa5 Rxa5 12.Bb4 Ra8 13.a4 f5 14.Nd2 Bh6 15.Nb3 Nf6
16.Bf3 g5 17.exf5 Nxf5 18.g3 g4 19.Bg2 Kh8 20.c5 Nh5 21.Ne4 b6 22.cxd6 cxd6
23.Bd2 Ba6 24.Qxg4 Bxf1 25.Bxf1 Bxd2 26.Nbxd2 Nhg7 27.h4 Nd4 28.Bd3 Ngf5
29.Ng5 Qe8 30.Bxf5 Rxf5 31.Ne6 Qg6 32.Qxg6 hxg6 33.Nc4 b5 34.Nxd6 Rxa4 35.Rxa4 bxa4
36.Nxf5 Nxf5 37.Nc5 a3 38.g4 Nd4  0-1

[Event "Abel Cardona Open"]
[Site "Cali COL"]
[Date "2000.12.17"]
[Round "3"]
[White "Franco,W"]
[Black "Cabrera,A"]
[Result "0-1"]
[WhiteElo "2205"]
[BlackElo "2399"]

1.d4 Nf6 2.Nf3 g6 3.c4 Bg7 4.Nc3 O-O 5.e4 d6 6.Be2 e5 7.O-O Nc6 8.d5 Ne7
9.b4 Nh5 10.Re1 f5 11.a4 Nf4 12.Bf1 fxe4 13.Nxe4 Bg4 14.Ra3 a5 15.bxa5 Rxa5
16.Bd2 Ra8 17.h3 Bd7 18.a5 b6 19.Qb3 bxa5 20.Bxa5 Qc8 21.Bd2 Rb8 22.Qa2 Kh8
23.Kh2 h6 24.c5 Nexd5 25.cxd6 Be6 26.dxc7 Qxc7 27.Ra7 Qc8 28.Qa1 Rb7 29.Rxb7 Qxb7
30.Nc5 Qc7 31.Nxe6 Nxe6 32.Qc1 Qd6 33.Kg1 Kh7 34.Bd3 Nd4 35.Nh4 Ne7 36.Qd1 Qf6
37.Nf3 Nxf3+ 38.Qxf3 Qxf3 39.gxf3 Rxf3 40.Re3 Rf7 41.Bc4 Rf4 42.Rc3 Rf8 43.Rb3 Nf5
44.Rb7 Kh8 45.Bb4 Rc8 46.Be6 Rd8 47.Bd7 e4 48.Bxf5 gxf5 49.Rf7 Rd5 50.Bf8 Bxf8
51.Rxf8+ Kg7 52.Re8 Rd3 53.Kg2 Kf6 54.Rg8 Ke5 55.Re8+ Kf4 56.Rf8 Rd6 57.Kf1 Rg6
58.Rf7 Rg5 59.Rf6 Kf3 60.Rf7 Rh5 61.Rf6 f4 62.Rd6  0-1